| 000 | 02536cam a2200553 a 4500 | ||
|---|---|---|---|
| 001 | ocm56428349 | ||
| 003 | TZ-ArACH | ||
| 005 | 2013052106546.0 | ||
| 008 | 040907s2002 be b 100 0 fre c | ||
| 010 | _a 2004459287 | ||
| 020 | _a2802717421 (Bruylant) | ||
| 020 | _a9782802717423 (Bruylant) | ||
| 035 | _a(OCoLC)56428349 | ||
| 040 |
_aLUI _beng _cTZ-ArACH _dOCLCQ _dYLS _dMUQ _dPLL _dDLC _dCOO _dOCLCQ _dUQ1 _dOCLCQ _dAUXAM _dGEBAY |
||
| 041 | 0 |
_afre _aeng |
|
| 042 | _apcc | ||
| 043 | _ae-yu--- | ||
| 049 | _aTZAA | ||
| 050 | 0 | 0 |
_aKZ6369 _b.P47 |
| 245 | 0 | 0 |
_aPerspectives humanitaires entre conflits, droit(s) et action / _csous la direction de Katia Boustany et Daniel Dormoy. |
| 246 | 3 | _aPerspectives humanitaires entre conflits, droit et action | |
| 246 | 3 | _aPerspectives humanitaires entre conflits, droits et action | |
| 260 |
_aBruxelles : _bEditions Bruylant ; _aBruxelles : _bEditions de l'Université de Bruxelles, _c2002. |
||
| 300 |
_a332 p. ; _c24 cm. |
||
| 490 | 1 |
_aCollection de droit international ; _v51 |
|
| 500 | _aContributions chiefly from two seminars, the first held Oct. 19, 1999 at the Faculty of Law, McGill University, and the second held Oct. 20-22 at the Faculties of Political Science and Law at the University of Québec at Montreal. | ||
| 500 | _aAt head of title: Réseau VITORIA. | ||
| 504 | _aIncludes bibliographical references. | ||
| 546 | _aChiefly French, with one contribution in English. | ||
| 610 | 2 | 0 |
_aNorth American Treaty Organization _zKosovo (Republic) _vCongresses. _910534 |
| 610 | 2 | 7 |
_aOrganisation du traité de l'Atlantique Nord. _2rasuqam _910535 |
| 650 | 0 |
_aHumanitarian intervention _vCongresses. _910536 |
|
| 650 | 0 |
_aHumanitarian law _vCongresses. _910537 |
|
| 650 | 0 |
_aHumanitarian intervention _zKosovo (Republic) _vCongresses. _910538 |
|
| 650 | 6 |
_aDroit international humanitaire. _910539 |
|
| 650 | 6 |
_aGuerre (Droit international) _910540 |
|
| 650 | 1 | 7 |
_aDroit international humanitaire. _910541 |
| 650 | 7 |
_aAction humanitaire. _910542 |
|
| 650 | 7 |
_aGuerre. _910543 |
|
| 650 | 7 |
_aSécurité publique. _910544 |
|
| 650 | 7 |
_aGuerre au Kosovo (1998- ) _910545 |
|
| 650 | 0 | 7 |
_aHumanitäre Intervention _910546 |
| 700 | 1 |
_aBoustany, Katia. _910547 |
|
| 700 | 1 |
_aDormoy, Daniel. _910548 |
|
| 710 | 2 |
_aRéseau VITORIA. _910549 |
|
| 830 | 0 |
_aCollection de droit international (Brussels, Belgium) ; _v51. _910550 |
|
| 942 |
_2lcc _cBOOK |
||
| 999 |
_c2374 _d2374 |
||